[Event "AUTO-ADV-2570"]
[Site "http://www.queenalice.com/game.php?id=1084898"]
[Date "2012.7.20"]
[Round "1"]
[White "HerbertPaulo"]
[Black "galego1"]
[Result "0-1"]
[WhiteElo "1783"]
[BlackElo "1797"]

1. c4 Nf6 2. d4 d6 3. Nf3 c6 4. Nc3 e6 5. e4 Nbd7 6. Bd3 h6 7. O-O Be7 8. h3 b6
9. e5 Ng8 10. Qc2 f6 11. Bg6+ Kf8 12. Bd3 fxe5 13. Re1 exd4 14. Nxd4 Nb8 15.
Nxe6+ Bxe6 16. Rxe6 Nf6 17. Ne4 Qd7 18. Nxf6 Qxe6 19. Nh7+ Ke8 0-1

[Event "AUTO-ADV-2570"]
[Site "http://www.queenalice.com/game.php?id=1084899"]
[Date "2012.7.20"]
[Round "1"]
[White "galego1"]
[Black "HerbertPaulo"]
[Result "1-0"]
[WhiteElo "1780"]
[BlackElo "1800"]

1. e4 e5 2. Nf3 Nc6 3. Bc4 Bc5 4. c3 Nf6 5. d3 O-O 6. O-O Be7 7. a3 d6 8. h3 Be6
9. Bxe6 fxe6 10. b4 a6 11. Bb2 d5 12. exd5 Nxd5 13. c4 Nf4 14. Nxe5 Nxe5 15.
Bxe5 Nxd3 16. Bc3 Nf4 17. Nd2 Qd3 18. Bb2 Rad8 19. Bc1 1-0

[Event "AUTO-OPEN-2773"]
[Site "http://www.queenalice.com/game.php?id=1096192"]
[Date "2012.8.25"]
[Round "1"]
[White "Rijo"]
[Black "galego1"]
[Result "0-1"]
[WhiteElo "1574"]
[BlackElo "1791"]

1. e4 e5 2. Nf3 Nf6 3. d3 d6 4. Nc3 c6 5. d4 exd4 6. Qxd4 Be7 7. Bc4 h6 8. O-O
O-O 9. Bd3 b6 10. e5 dxe5 11. Qxe5 Re8 12. Qg3 Bd6 13. Bf4 Bxf4 14. Qxf4 Bb7 15.
Rfe1 Nbd7 16. Qf5 g6 17. Qh3 h5 18. Ng5 Ne5 19. Rad1 Nxd3 20. cxd3 a6 21. Nce4
Nxe4 22. dxe4 Qxg5 23. b3 c5 24. f3 Rad8 25. Rd7 Rxd7 26. Qxd7 Qe7 27. Qd2 Rd8
28. Qh6 Qf6 29. e5 Qg7 30. Qg5 Rd5 31. f4 Rd2 32. f5 Rxg2+ 33. Kf1 Rxg5 34. e6
Rxf5+ 35. Kg1 Qd4+ 0-1

[Event "AUTO-OPEN-2773"]
[Site "http://www.queenalice.com/game.php?id=1096193"]
[Date "2012.8.25"]
[Round "1"]
[White "galego1"]
[Black "Rijo"]
[Result "1-0"]
[WhiteElo "1798"]
[BlackElo "1553"]

1. e4 e5 2. Nf3 Nc6 3. Bb5 a6 4. Ba4 Bc5 5. d3 Qf6 6. c3 d6 7. O-O b5 8. Bc2 Nh6
9. b4 Bb6 10. a4 bxa4 11. Bxa4 Bd7 12. Qe2 Ne7 13. Bxd7+ Kxd7 14. Bb2 Ng4 15. d4
c6 16. h3 Nh6 17. dxe5 dxe5 18. Rxa6 Rhb8 19. b5 Qf4 20. c4 cxb5 21. Bxe5 Rxa6
22. Nc3 Rc8 23. Bxf4 bxc4 24. Qd2+ Ke8 25. Rd1 Ra7 26. Bxh6 gxh6 27. Qxh6 Bc7
28. Qxh7 Ng6 29. Qg8+ Nf8 30. Nd5 Rd8 31. Ng5 Kd7 32. Qxf7+ Kc6 33. Nxc7 Rxd1+
34. Kh2 Nd7 35. Qxc4+ Kd6 36. Nb5+ Ke5 37. Nxa7 Kf4 38. e5+ Kxe5 39. Nf3+ Kf5
40. Qc2+ 1-0

[Event "AUTO-OPEN-2773"]
[Site "http://www.queenalice.com/game.php?id=1096236"]
[Date "2012.8.25"]
[Round "1"]
[White "galego1"]
[Black "smagoo"]
[Result "0-1"]
[WhiteElo "1804"]
[BlackElo "2337"]

1. e4 c6 2. d3 d5 3. exd5 cxd5 4. d4 Nc6 5. c3 Nf6 6. Nd2 Bg4 7. Ngf3 e6 8. Be2
Bd6 9. h3 Bh5 10. Nf1 O-O 11. Ng3 Bg6 12. Nh4 Be4 13. Nxe4 Nxe4 14. Nf3 f5 15.
Nd2 Qh4 16. Nxe4 fxe4 17. O-O Rf6 18. Be3 Raf8 19. Qd2 Rg6 20. Bg4 h5 21. f4
hxg4 22. Qf2 Qh5 23. Qe2 Ne7 24. Rf2 Nf5 25. hxg4 Rxg4 26. Re1 Ng3 0-1

[Event "AUTO-OPEN-2773"]
[Site "http://www.queenalice.com/game.php?id=1096237"]
[Date "2012.8.25"]
[Round "1"]
[White "smagoo"]
[Black "galego1"]
[Result "1-0"]
[WhiteElo "2332"]
[BlackElo "1811"]

1. d4 e6 2. c4 d6 3. Nc3 Nf6 4. Bg5 Be7 5. e3 h6 6. Bh4 O-O 7. Nf3 b6 8. Bd3 Bb7
9. O-O Na6 10. Rc1 c5 11. Bb1 Nb4 12. a3 Nc6 13. Qc2 g6 14. Bg3 Kg7 15. Nh4 Rg8
16. Nxg6 fxg6 17. Qxg6+ Kf8 18. Qxh6+ Ke8 19. dxc5 dxc5 20. Rfd1 Qc7 21. Bxc7
Rc8 22. Bg6+ 1-0

[Event "AUTO-ADV-2598"]
[Site "http://www.queenalice.com/game.php?id=1096347"]
[Date "2012.8.25"]
[Round "1"]
[White "ChessColossos"]
[Black "galego1"]
[Result "1-0"]
[WhiteElo "1938"]
[BlackElo "1734"]

1. e4 e5 2. Nf3 Nf6 3. Nxe5 Qe7 4. Nf3 Qxe4+ 5. Qe2 Bc5 6. Qxe4+ Nxe4 7. d4 Bb6
8. Bd3 Nf6 9. O-O h6 10. Re1+ Kf8 11. Bc4 d5 12. Be2 c6 13. Bf4 Nh5 14. Bxb8
Rxb8 15. c3 Nf4 16. Nbd2 Nxe2+ 17. Rxe2 g6 18. Rae1 Be6 19. b4 Bc7 20. a4 a5 21.
b5 cxb5 22. axb5 Bd7 23. Ne5 Be6 24. Nxg6+ Kg7 25. Nxh8 Rxh8 26. Rxe6 fxe6 27.
Rxe6 b6 28. Re7+ Kg6 29. Rxc7 Ra8 30. Rc6+ 1-0

[Event "AUTO-ADV-2598"]
[Site "http://www.queenalice.com/game.php?id=1096348"]
[Date "2012.8.25"]
[Round "1"]
[White "galego1"]
[Black "ChessColossos"]
[Result "0-1"]
[WhiteElo "1742"]
[BlackElo "1930"]

1. e4 e5 2. Nf3 Nc6 3. Bb5 a6 4. Bxc6 dxc6 5. d3 Bd6 6. h3 h6 7. c3 Nf6 8. a3
O-O 9. Be3 Re8 10. O-O a5 11. Nbd2 b6 12. b4 axb4 13. axb4 Rxa1 14. Qxa1 Be6 15.
Nh2 Qa8 16. Nb3 Bxb3 17. Nf3 Qxa1 18. Rxa1 Bc2 19. Ne1 Bb3 20. Nf3 Nh7 21. h4
Bc2 22. Ne1 Bb3 23. Rb1 Be6 24. g3 f5 25. exf5 Bxf5 26. Rc1 c5 27. bxc5 bxc5 28.
d4 cxd4 29. cxd4 exd4 0-1

[Event "AUTO-ADV-2598"]
[Site "http://www.queenalice.com/game.php?id=1096355"]
[Date "2012.8.25"]
[Round "1"]
[White "betoanjos"]
[Black "galego1"]
[Result "1-0"]
[WhiteElo "1768"]
[BlackElo "1809"]

1. e4 e5 2. Bc4 Nf6 3. d3 Be7 4. Nc3 c6 5. Nge2 h6 6. O-O O-O 7. f4 exf4 8. Bxf4
Nh5 9. Be3 d6 10. Nf4 Nxf4 11. Bxf4 a5 12. Qf3 b5 13. Bxh6 gxh6 14. Bxf7+ Rxf7
15. Qxf7+ Kh8 16. Qg6 Bg5 17. Rf3 Qg8 18. Qxd6 Nd7 19. Raf1 Nf6 20. Rxf6 Bxf6
21. Rxf6 Kh7 22. Rxh6+ 1-0

[Event "AUTO-ADV-2598"]
[Site "http://www.queenalice.com/game.php?id=1096356"]
[Date "2012.8.25"]
[Round "1"]
[White "galego1"]
[Black "betoanjos"]
[Result "0-1"]
[WhiteElo "1802"]
[BlackElo "1946"]

1. e4 c6 2. d4 d5 3. e5 Bf5 4. Bd3 Bxd3 5. Qxd3 e6 6. Nf3 Qa5+ 7. Qd2 Qxd2+ 8.
Bxd2 Nd7 9. c3 c5 10. b3 cxd4 11. cxd4 Ne7 12. g4 Nc6 13. O-O Be7 14. a3 O-O 15.
Nc3 a6 16. Ng5 Nxd4 17. h4 Nxe5 18. f3 h6 19. Nh3 Ndxf3+ 20. Kg2 Nxd2 21. Rfe1
Nc6 22. b4 Bxh4 23. Re2 Bf6 24. Rxd2 Bxc3 0-1

[Event "AUTO-ADV-2655"]
[Site "http://www.queenalice.com/game.php?id=1114148"]
[Date "2012.10.19"]
[Round "1"]
[White "galego1"]
[Black "Andrez"]
[Result "0-1"]
[WhiteElo "1751"]
[BlackElo "2032"]

1. e4 e5 2. Nf3 Nc6 3. Bb5 d6 4. c3 Be7 5. d3 Nf6 6. h3 O-O 7. O-O a6 8. Ba4 b5
9. Bc2 h6 10. Be3 Nh7 11. Qd2 f5 0-1

[Event "AUTO-ADV-2655"]
[Site "http://www.queenalice.com/game.php?id=1114149"]
[Date "2012.10.19"]
[Round "1"]
[White "Andrez"]
[Black "galego1"]
[Result "1-0"]
[WhiteElo "2037"]
[BlackElo "1746"]

1. f4 d6 2. Nf3 Nf6 3. e3 e6 4. b3 Be7 5. Bb2 Nc6 6. a4 O-O 7. Be2 Nd7 8. O-O
Nf6 9. Qe1 Re8 10. Qg3 g6 11. h4 1-0